000 00515nam a2200217Ia 4500
003 OSt
005 20220928144141.0
006 a|||||r|||| 00| 0
007 ta
008 220927b |||||||| |||| 00| 0 eng d
024 _a24567
037 _cTextual
040 _aSDCL
_cSDCL
_beng
041 _2eng
_aeng
082 _aG:5, N6
100 _aShepard PAul
_9507138
245 0 _aTraces of an omnivore.
260 _c1996
942 _hG:5, N6
_cTEXL
_2CC
999 _c826458
_d826458